LEADER 01745nam a2200349 u 4500 001 000000011542 003 CaOOAMICUS 005 20070226105434.0 008 940516m19731974it u000 u ita u 035 $a10283217 040 $aPUL(R)$bita 111 2 $aCongresso nazionale di filosofia$n(24 :$d1973 :$cL'Aquila).$0(OLS)http://pul/name/11108 245 10$aAtti del XXIV Congresso nazionale di filosofia :$b(L'Aquila, 28 aprile-2 maggio 1973) 260 $aRoma :$bSocietą filosofica italiana,$c1973. 300 $a2 v. in 3 ;$c24 cm 500 $aIn testa al front.: Societą filosofica italiana. 504 $aContiene indicazioni bibliografiche. 505 0 $aV. 1: Relazioni introduttive . -- v. 2, 1-2: Comunicazioni. 650 4$aEmpirismo.$0(OLS)http://pul/subject/8797 650 4$aFilosofia$xCongressi.$0(OLS)http://pul/subject/8496 710 2 $aSocietą filosofica italiana.$0(OLS)http://pul/name/11109 850 $aPUL 852 $aPUL$W1$xDP1 Fondo Giannini$y60$m1558 D 13-15$j16315$nBK-PRI$b $qFondi$B16315$CPULBib$Z2$F16315 $H $81 852 $aPUL$W1$xDP1 Fondo Giannini$y60$m1558 D 13-15$j16315$nBK-PRI$b $qFondi$B16316$CPULBib$Z2$F16316 $H $81 852 $aPUL$W1$xSL Filosofia 1$y2$m94 H 33$j16317$nBK-PRI$b $qStampati$B16317$CPULBib$Z2$F16317 $H $81 941 1 $a8 941 1 $a1 961 $aINV: Fondo Giannini 961 $aINV: Fondo Giannini 961 $aINV: 40645 996 $6245$aAtti del XXIV Congresso nazionale di filosofia :$b(L'Aquila, 28 aprile-2 maggio 1973)$9(OLS)http://pul/title/16721 996 $6260$aRoma :$bSocietą filosofica italiana$9(OLS)http://pul/publisher/53322 LEADER 01976nam a2200361 a 4500 001 000000168480 003 CaOOAMICUS 005 20180702094043.0 008 180702s2018 vc u000 u ita r 020 $a978-88-465-1187-4* 032 $aLibriCat 040 $aPUL$bita 082 04$a340 100 1 $aMontanari, Marilena.$0(OLS)http://pul/name/108514 245 13$aIl programma di Stazione Spaziale Internazionale e la sua regolamentazione tra le prospettive de iure condendo e de iure condito. Il caso del "fine vita" /$cMarilena Montanari. 260 $aCittą del Vaticano :$bLateran University Press,$c©2018. 300 $aXXVI, 267 p. ;$c24 cm. 490 1 $aLineamenta iuris. Monografie ;$v13 502 $aTesi -- Pontificia Universitas Lateranensis. Institutum Utriusque Iuris. Dipartimento di Studi sulla Comunitą Internazionale. 2018. 504 $aInclude riferimenti bibliografici. 650 4$aSpazio cosmico$xDiritto internazionale.$0(OLS)http://pul/subject/33622 710 1 $aPontificia Universitą Lateranense.$bInstitutum Utriusque Iuris.$kTesi.$0(OLS)http://pul/name/81822 830 0$aLineamenta iuris.$pMonografie ;$v13.$0(OLS)http://pul/title/197314 850 $aPUL 852 $aPUL$W1$xSL Diritto e Scienze Sociali 3$y79$m340 COLL 2.13$j191936$qDDC 21$B196390$CPULBib$Z2$F196390 $H131121 $81 852 $aPUL$W1$xDP1 Tesi Pon Univ. Lateranense$y41$m2018 E 2$j192018$qTesi$B196478$CPULBib$Z2$F196478 $81 941 1 $a9 941 1 $a16 996 $6020$a978-88-465-1187-4*$9(OLS)http://pul/number/164439 996 $6082$a340$9(OLS)http://pul/classification/419 996 $6245$aIl programma di Stazione Spaziale Internazionale e la sua regolamentazione tra le prospettive de iure condendo e de iure condito. Il caso del "fine vita"$9(OLS)http://pul/title/208874 996 $6260$aCittą del Vaticano :$bLateran University Press$9(OLS)http://pul/publisher/74585